000 00358nam a22001457a 4500
999 _c8095
_d8095
003 OSt
005 20200706150404.0
008 200706b ||||| |||| 00| 0 eng d
020 _a9781926686332
082 _a551
_bDUB
100 _a Dubois, Etienne
245 _aClimatology and paleoclimatology
260 _aIndia
_bApple Academic Press
_c2010
942 _2ddc